书目信息 |
| 题名: |
户外运动与拓展训练
|
|
| 作者: | 胡炬波 , 厉丽玉 主编 | |
| 分册: | ||
| 出版信息: | 杭州 浙江大学出版社 2017 |
|
| 页数: | 264页 | |
| 开本: | 26cm | |
| 丛书名: | ||
| 单 册: | ||
| 中图分类: | G806 , G895 | |
| 科图分类: | ||
| 主题词: | 体育锻炼--ti yu duan lian--研究 | |
| 电子资源: | ||
| ISBN: | 978-7-308-17060-4 | |
| 000 | 01052nam0 2200277 450 | |
| 001 | 012001002382 | |
| 005 | 20140202142857.0 | |
| 010 | @a978-7-308-17060-4@dCNY38.00 | |
| 099 | @aCAL 012017146493 | |
| 100 | @a20220905d2017 em y0chiy50 ea | |
| 101 | 0 | @achi |
| 102 | @aCN@b330000 | |
| 105 | @aa a 000yy | |
| 106 | @ar | |
| 200 | 1 | @a户外运动与拓展训练@Ahu wai yun dong yu tuo zhan xun lian@f主编胡炬波, 厉丽玉 |
| 210 | @a杭州@c浙江大学出版社@d2017 | |
| 215 | @a264页@c图@d26cm | |
| 320 | @a有书目 (第263-264页) | |
| 330 | @a本书分上篇与下篇,共13章,介绍户外运动与拓展训练的主要内容、方法手段,以及开展此类运动的基本常识、组织与实施过程,其中户外运动以环节分类方式提供全景式运动准备与过程知识,拓展运动以项目分类方式提供实施训练的具体路径,结合近年实践展示具有借鉴价值的实施案例和可操作的训练方法。 | |
| 606 | 0 | @a体育锻炼@Ati yu duan lian@x研究 |
| 690 | @aG806@v5 | |
| 690 | @aG895@v5 | |
| 701 | 0 | @a胡炬波@Ahu ju bo@4主编 |
| 701 | 0 | @a厉丽玉@Ali li yu@4主编 |
| 801 | 0 | @aCN@bAHXH@c20221111 |
| 905 | @b1368040-3@dG806@e1989@f4 | |
| 户外运动与拓展训练/主编胡炬波, 厉丽玉.-杭州:浙江大学出版社,2017 |
| 264页:图;26cm |
| ISBN 978-7-308-17060-4:CNY38.00 |
| 本书分上篇与下篇,共13章,介绍户外运动与拓展训练的主要内容、方法手段,以及开展此类运动的基本常识、组织与实施过程,其中户外运动以环节分类方式提供全景式运动准备与过程知识,拓展运动以项目分类方式提供实施训练的具体路径,结合近年实践展示具有借鉴价值的实施案例和可操作的训练方法。 |
| ● |
| 相关链接 |
|
|
|
|
正题名:户外运动与拓展训练
索取号:G806/1989
 
预约/预借
| 序号 | 登录号 | 条形码 | 馆藏地/架位号 | 状态 | 备注 |
| 1 | 1368040 | 213680408 | 第一样本阅览室/ [索取号:G806/1989] | 在馆 | |
| 2 | 1368041 | 213680417 | 教育系资料室/ [索取号:G806/1989] | 在馆 | |
| 3 | 1368042 | 213680426 | 教育系资料室/ [索取号:G806/1989] | 在馆 | |
| 4 | 1368043 | 213680435 | 第四借阅区/ [索取号:G806/1989] | 在馆 |